| 000 | 01047nas a2200289 4500 | ||
|---|---|---|---|
| 001 | BR2012000580 | ||
| 003 | BR-BrBNA | ||
| 005 | 20231205120038.0 | ||
| 007 | ta | ||
| 008 | 230509b bl.|||p| |||| 00| 00por d | ||
| 040 |
_aBR-BrBNA _bpor _cBiblioteca Nacional de Agricultura |
||
| 041 | _a(Pt) | ||
| 072 | _aM01 | ||
| 100 | 1 | _aSilva, F.H. da | |
| 100 | 1 | _aFavero, S. | |
| 100 | 1 | _aSabino, J. | |
| 100 | 1 | _aGarnés, S.J. dos A. | |
| 245 | 1 | _aÍndices bióticos para avaliação da qualidade ambiental em trechos do rio Correntoso, Pantanal do Negro, Mato Grosso do Sul, Brasil | |
| 246 | 1 | _aBiotic indexes for the evaluation of enviromental quality in stretches of the Correntoso river, Pantanal do Negro, Mato Grosso do Sul state | |
| 650 | _aENTOMOFAUNA | ||
| 650 | _aINSETO | ||
| 650 | _aRIO | ||
| 650 | _aCONDIÇÃO AMBIENTAL | ||
| 773 | 0 |
_tActa Scientiarum. Biological Sciences (Brazil) _xISSN 1679-9283 _g(Jul-Sep 2011), v. 33(3) p. 289-299 _wBR2012000580 |
|
| 909 |
_a202311 _bLúcia _c55 _dLúcia Elande |
||
| 942 |
_2AGRIS _n0 _cANA |
||
| 999 |
_c216812 _d216812 |
||